<?xml version="1.0" encoding="UTF-8"?>
<record
    xmlns:xsi="http://www.w3.org/2001/XMLSchema-instance"
    xsi:schemaLocation="http://www.loc.gov/MARC21/slim http://www.loc.gov/standards/marcxml/schema/MARC21slim.xsd"
    xmlns="http://www.loc.gov/MARC21/slim">

  <leader>01662nam0a2200397   4500</leader>
  <controlfield tag="001">RU\NLR\bibl\1798660</controlfield>
  <controlfield tag="005">20250616145427.0</controlfield>
  <datafield tag="010" ind1=" " ind2=" ">
    <subfield code="a">987-5-373-04060-0</subfield>
    <subfield code="9">3000</subfield>
  </datafield>
  <datafield tag="021" ind1=" " ind2=" ">
    <subfield code="a">RU</subfield>
    <subfield code="b">2011-54488</subfield>
    <subfield code="9">3883</subfield>
  </datafield>
  <datafield tag="035" ind1=" " ind2=" ">
    <subfield code="a">(NLR Aleph) 001789336</subfield>
  </datafield>
  <datafield tag="090" ind1=" " ind2=" ">
    <subfield code="a">1747327</subfield>
    <subfield code="c">1747327</subfield>
  </datafield>
  <datafield tag="100" ind1=" " ind2=" ">
    <subfield code="a">20110815d2011    |||y0rusy50      ca</subfield>
  </datafield>
  <datafield tag="101" ind1="0" ind2=" ">
    <subfield code="a">rus</subfield>
  </datafield>
  <datafield tag="102" ind1=" " ind2=" ">
    <subfield code="a">RU</subfield>
  </datafield>
  <datafield tag="105" ind1=" " ind2=" ">
    <subfield code="a">y   |||||||||</subfield>
  </datafield>
  <datafield tag="200" ind1="1" ind2=" ">
    <subfield code="a">&#x411;&#x435;&#x440;&#x435;&#x437;&#x43E;&#x432;&#x441;&#x43A;&#x438;&#x439; &amp; &#x410;&#x431;&#x440;&#x430;&#x43C;&#x43E;&#x432;&#x438;&#x447;. &#x41E;&#x43B;&#x438;&#x433;&#x430;&#x440;&#x445;&#x438; &#x441; &#x431;&#x43E;&#x43B;&#x44C;&#x448;&#x43E;&#x439; &#x434;&#x43E;&#x440;&#x43E;&#x433;&#x438;</subfield>
    <subfield code="f">&#x410;. &#x425;&#x438;&#x43D;&#x448;&#x442;&#x435;&#x439;&#x43D;</subfield>
  </datafield>
  <datafield tag="210" ind1=" " ind2=" ">
    <subfield code="a">&#x41C;&#x43E;&#x441;&#x43A;&#x432;&#x430;</subfield>
    <subfield code="c">&#x41E;&#x41B;&#x41C;&#x410; &#x41C;&#x435;&#x434;&#x438;&#x430; &#x413;&#x440;&#x443;&#x43F;&#x43F;</subfield>
    <subfield code="d">2011</subfield>
  </datafield>
  <datafield tag="215" ind1=" " ind2=" ">
    <subfield code="a">666, [3] &#x441;.</subfield>
    <subfield code="d">22</subfield>
  </datafield>
  <datafield tag="300" ind1=" " ind2=" ">
    <subfield code="a">&#x417;&#x430;&#x433;&#x43B;. &#x43E;&#x431;&#x43B;.: &#x411;&#x435;&#x440;&#x435;&#x437;&#x43E;&#x432;&#x441;&#x43A;&#x438;&#x439; &#x438; &#x410;&#x431;&#x440;&#x430;&#x43C;&#x43E;&#x432;&#x438;&#x447;/ &#x410;&#x43B;&#x435;&#x43A;&#x441;&#x430;&#x43D;&#x434;&#x440; &#x425;&#x438;&#x43D;&#x448;&#x442;&#x435;&#x439;&#x43D;</subfield>
  </datafield>
  <datafield tag="320" ind1=" " ind2=" ">
    <subfield code="a">&#x411;&#x438;&#x431;&#x43B;&#x438;&#x43E;&#x433;&#x440;.: &#x441;. 665-667</subfield>
  </datafield>
  <datafield tag="512" ind1="1" ind2=" ">
    <subfield code="6">z20790</subfield>
    <subfield code="a">&#x411;&#x435;&#x440;&#x435;&#x437;&#x43E;&#x432;&#x441;&#x43A;&#x438;&#x439; &#x438; &#x410;&#x431;&#x440;&#x430;&#x43C;&#x43E;&#x432;&#x438;&#x447;</subfield>
  </datafield>
  <datafield tag="600" ind1=" " ind2="1">
    <subfield code="a">&#x411;&#x435;&#x440;&#x435;&#x437;&#x43E;&#x432;&#x441;&#x43A;&#x438;&#x439;</subfield>
    <subfield code="b">&#x411;.&#x410;.</subfield>
    <subfield code="f">1946 - 2013</subfield>
    <subfield code="g">&#x411;&#x43E;&#x440;&#x438;&#x441; &#x410;&#x431;&#x440;&#x430;&#x43C;&#x43E;&#x432;&#x438;&#x447;</subfield>
    <subfield code="9">2203127</subfield>
    <subfield code="3">RU\NLR\auth\661323802</subfield>
  </datafield>
  <datafield tag="600" ind1=" " ind2="1">
    <subfield code="a">&#x410;&#x431;&#x440;&#x430;&#x43C;&#x43E;&#x432;&#x438;&#x447;</subfield>
    <subfield code="b">&#x420;.&#x410;.</subfield>
    <subfield code="f">1966</subfield>
    <subfield code="g">&#x420;&#x43E;&#x43C;&#x430;&#x43D; &#x410;&#x440;&#x43A;&#x430;&#x434;&#x44C;&#x435;&#x432;&#x438;&#x447;</subfield>
    <subfield code="9">2454843</subfield>
    <subfield code="3">RU\NLR\auth\661459250</subfield>
  </datafield>
  <datafield tag="686" ind1=" " ind2=" ">
    <subfield code="a">&#x422;3(2)74-31</subfield>
  </datafield>
  <datafield tag="686" ind1=" " ind2=" ">
    <subfield code="a">&#x423;9(2)-13(2&#x420;)&#x434;</subfield>
  </datafield>
  <datafield tag="700" ind1=" " ind2="1">
    <subfield code="a">&#x425;&#x438;&#x43D;&#x448;&#x442;&#x435;&#x439;&#x43D;</subfield>
    <subfield code="b">&#x410;. &#x415;.</subfield>
    <subfield code="g">&#x410;&#x43B;&#x435;&#x43A;&#x441;&#x430;&#x43D;&#x434;&#x440; &#x415;&#x432;&#x441;&#x435;&#x435;&#x432;&#x438;&#x447;</subfield>
    <subfield code="4">070</subfield>
  </datafield>
  <datafield tag="702" ind1=" " ind2="1">
    <subfield code="a">&#x411;&#x435;&#x440;&#x435;&#x437;&#x43E;&#x432;&#x441;&#x43A;&#x438;&#x439;</subfield>
    <subfield code="b">&#x411;. &#x410;.</subfield>
    <subfield code="f">1946-</subfield>
    <subfield code="g">&#x411;&#x43E;&#x440;&#x438;&#x441; &#x410;&#x431;&#x440;&#x430;&#x43C;&#x43E;&#x432;&#x438;&#x447;</subfield>
    <subfield code="4">570</subfield>
  </datafield>
  <datafield tag="702" ind1=" " ind2="1">
    <subfield code="a">&#x410;&#x431;&#x440;&#x430;&#x43C;&#x43E;&#x432;&#x438;&#x447;</subfield>
    <subfield code="b">&#x420;. &#x410;.</subfield>
    <subfield code="f">1966-</subfield>
    <subfield code="g">&#x420;&#x43E;&#x43C;&#x430;&#x43D; &#x410;&#x440;&#x43A;&#x430;&#x434;&#x44C;&#x435;&#x432;&#x438;&#x447;</subfield>
    <subfield code="4">570</subfield>
  </datafield>
  <datafield tag="790" ind1=" " ind2="1">
    <subfield code="6">z20512</subfield>
    <subfield code="a">&#x425;&#x438;&#x43D;&#x448;&#x442;&#x435;&#x439;&#x43D;</subfield>
    <subfield code="b">&#x410;. &#x415;</subfield>
    <subfield code="g">&#x410;&#x43B;&#x435;&#x43A;&#x441;&#x430;&#x43D;&#x434;&#x440; &#x415;&#x432;&#x441;&#x435;&#x435;&#x432;&#x438;&#x447;</subfield>
    <subfield code="4">070</subfield>
  </datafield>
  <datafield tag="801" ind1=" " ind2="0">
    <subfield code="a">RU</subfield>
    <subfield code="b">NLR</subfield>
    <subfield code="c">20110815</subfield>
    <subfield code="g">RCR</subfield>
  </datafield>
  <datafield tag="801" ind1=" " ind2="1">
    <subfield code="a">RU</subfield>
    <subfield code="b">NLR</subfield>
    <subfield code="c">20110815</subfield>
  </datafield>
  <datafield tag="830" ind1=" " ind2=" ">
    <subfield code="a">&#x43F;&#x43E; &#x43A;&#x43D;</subfield>
  </datafield>
  <datafield tag="942" ind1=" " ind2=" ">
    <subfield code="c">BOOK</subfield>
  </datafield>
  <datafield tag="980" ind1=" " ind2=" ">
    <subfield code="a">NB</subfield>
  </datafield>
  <datafield tag="980" ind1=" " ind2=" ">
    <subfield code="a">NBR</subfield>
  </datafield>
  <datafield tag="995" ind1=" " ind2=" ">
    <subfield code="5">2011-08-15</subfield>
    <subfield code="a">ad</subfield>
    <subfield code="b">NLR01</subfield>
    <subfield code="c">NLR01</subfield>
    <subfield code="e">RF8</subfield>
    <subfield code="f">1-465345</subfield>
    <subfield code="k">2011-5/6152</subfield>
    <subfield code="o">0</subfield>
    <subfield code="r">BOOK</subfield>
    <subfield code="s">201156152_</subfield>
  </datafield>
  <datafield tag="995" ind1=" " ind2=" ">
    <subfield code="5">2011-08-15</subfield>
    <subfield code="a">ad</subfield>
    <subfield code="b">NLR01</subfield>
    <subfield code="c">NLR01</subfield>
    <subfield code="e">RF8</subfield>
    <subfield code="f">3469824</subfield>
    <subfield code="k">2011-5/6152</subfield>
    <subfield code="o">0</subfield>
    <subfield code="r">BOOK</subfield>
    <subfield code="s">201156152_</subfield>
  </datafield>
</record>
